[Event "Dos Hermanas Internet qual-E 10th"]
[Site "ICC INT"]
[Date "2009.03.15"]
[Round "4"]
[White "Harmon Vellotti, Luke"]
[Black "Delgado Ramirez, Neuris"]
[Result "0-1"]
[WhiteElo "1981"]
[BlackElo "2550"]
[PlyCount "58"]
[EventDate "2009.03.15"]
[EventType "swiss (blitz)"]
[EventRounds "12"]
[EventCountry "ESP"]
[SourceTitle "CBM 129 Extra"]
[Source "ChessBase"]
[SourceDate "2009.05.05"]
[SourceVersion "2"]
[SourceVersionDate "2009.05.20"]
[SourceQuality "1"]

1. e4 c5 2. Nf3 d6 3. d4 cxd4 4. Nxd4 Nf6 5. Nc3 a6 6. Be3 e5 7. Nb3 Be7 8. f3
O-O 9. Qd2 Be6 10. O-O-O Qc7 11. g4 Rc8 12. h4 d5 13. exd5 Nxd5 14. Nxd5 Bxd5
15. Bg2 a5 16. Kb1 a4 17. Nc1 a3 18. b3 Bb4 19. Qd3 Be6 20. c4 Nd7 21. Ne2 Nc5
22. Bxc5 Qxc5 23. g5 b5 24. cxb5 g6 25. Bh3 Bxh3 26. Rxh3 Rd8 27. Qxd8+ Rxd8
28. Rxd8+ Kg7 29. Rd1 Qf2 0-1

[Event "Dos Hermanas Internet qual-E 10th"]
[Site "ICC INT"]
[Date "2009.03.15"]
[Round "6"]
[White "Jeran, Bostjan"]
[Black "Delgado Ramirez, Neuris"]
[Result "0-1"]
[WhiteElo "2229"]
[BlackElo "2550"]
[PlyCount "58"]
[EventDate "2009.03.15"]
[EventType "swiss (blitz)"]
[EventRounds "12"]
[EventCountry "ESP"]
[SourceTitle "CBM 129 Extra"]
[Source "ChessBase"]
[SourceDate "2009.05.05"]
[SourceVersion "2"]
[SourceVersionDate "2009.05.20"]
[SourceQuality "1"]

1. e4 c5 2. Nf3 d6 3. d4 cxd4 4. Nxd4 Nf6 5. Nc3 Nc6 6. Bg5 e6 7. Qd2 Be7 8.
O-O-O O-O 9. f3 Nxd4 10. Qxd4 a6 11. Be3 b5 12. Kb1 Bb7 13. g4 Nd7 14. Be2 Rc8
15. h4 Qa5 16. Qa7 Bc6 17. a3 Rb8 18. Na2 Rb7 19. Qd4 Qc7 20. g5 a5 21. f4 b4
22. axb4 axb4 23. Nxb4 Rfb8 24. c3 d5 25. exd5 Bxd5 26. Bd2 Bc5 27. Qd3 Bxb4
28. cxb4 Nc5 29. Qd4 Be4+ 0-1

[Event "Dos Hermanas Internet qual-E 10th"]
[Site "ICC INT"]
[Date "2009.03.15"]
[Round "8"]
[White "Herman, Matthew J"]
[Black "Delgado Ramirez, Neuris"]
[Result "0-1"]
[WhiteElo "2149"]
[BlackElo "2550"]
[PlyCount "74"]
[EventDate "2009.03.15"]
[EventType "swiss (blitz)"]
[EventRounds "12"]
[EventCountry "ESP"]
[SourceTitle "CBM 129 Extra"]
[Source "ChessBase"]
[SourceDate "2009.05.05"]
[SourceVersion "2"]
[SourceVersionDate "2009.05.20"]
[SourceQuality "1"]

1. e4 c5 2. Nf3 Nc6 3. d4 cxd4 4. Nxd4 Nf6 5. Nc3 d6 6. Ndb5 a6 7. Nd4 e6 8.
Bc4 Be7 9. Bb3 O-O 10. f3 Na5 11. Be3 b5 12. Qd2 Bb7 13. g4 Nd7 14. g5 Ne5 15.
O-O-O Nec4 16. Qe2 Nxe3 17. Qxe3 Bxg5 18. f4 Bh6 19. Kb1 Nxb3 20. axb3 b4 21.
Na4 Qf6 22. Rdf1 e5 23. Nf5 Bxf4 24. Qd3 Rad8 25. Nb6 a5 26. Rhg1 g6 27. Rxf4
exf4 28. Nh6+ Kh8 29. Ng4 Qg7 30. Rf1 Bxe4 31. Qxe4 f5 32. Qf3 fxg4 33. Qxg4
Qe5 34. Nc4 Qf5 35. Qf3 d5 36. Nxa5 d4 37. Nc4 d3 0-1

[Event "Dos Hermanas Internet qual-E 10th"]
[Site "ICC INT"]
[Date "2009.03.15"]
[Round "9"]
[White "Delgado Ramirez, Neuris"]
[Black "Van Rensburg, Ryan Pierre"]
[Result "1-0"]
[WhiteElo "2550"]
[BlackElo "1963"]
[PlyCount "149"]
[EventDate "2009.03.15"]
[EventType "swiss (blitz)"]
[EventRounds "12"]
[EventCountry "ESP"]
[SourceTitle "CBM 129 Extra"]
[Source "ChessBase"]
[SourceDate "2009.05.05"]
[SourceVersion "2"]
[SourceVersionDate "2009.05.20"]
[SourceQuality "1"]

1. e4 c5 2. Nf3 Nc6 3. Bb5 Na5 4. c3 a6 5. Ba4 g6 6. Bc2 Bg7 7. O-O d6 8. Re1
Nf6 9. d4 cxd4 10. cxd4 O-O 11. h3 b5 12. Nbd2 Bb7 13. Nf1 Rc8 14. Ng3 Qc7 15.
Bd3 Rfd8 16. b3 Nc6 17. Be3 Nb4 18. Rc1 Qa5 19. Qd2 Nc6 20. Qe2 Qa3 21. Bb1 Nb4
22. Qd2 Rxc1 23. Rxc1 Nc6 24. d5 Nb8 25. Rc7 Bc8 26. Nd4 Bd7 27. Nge2 Ne8 28.
Rc2 b4 29. Rc4 a5 30. Qc2 a4 31. Nc6 axb3 32. axb3 Nxc6 33. dxc6 Be6 34. c7 Rc8
35. Rc6 Bd7 36. Nd4 Qa1 37. Rc4 Nf6 38. Rxb4 Ne8 39. Rb8 Qa7 40. Rxc8 Bxc8 41.
Nc6 Qxc7 42. Nxe7+ Qxe7 43. Qxc8 Bf6 44. b4 Kg7 45. b5 Qc7 46. Qxc7 Nxc7 47. b6
Na6 48. Bd3 Nb8 49. b7 Bd8 50. Ba7 Bc7 51. Bb5 Kf6 52. f4 Ke6 53. Kf2 d5 54.
Ke3 dxe4 55. Kxe4 f5+ 56. Kf3 h6 57. g4 fxg4+ 58. hxg4 h5 59. Bc4+ Ke7 60. gxh5
gxh5 61. f5 Kf6 62. Ke4 h4 63. Bf2 h3 64. Bh4+ Kg7 65. Bf1 h2 66. Bg2 Nd7 67.
Kd5 Nf6+ 68. Ke6 Ng4 69. f6+ Kf8 70. f7 Ne3 71. Be7+ Kg7 72. f8=Q+ Kg6 73. Be4+
Kh5 74. Qf3+ Ng4 75. Qh3# 1-0

[Event "Dos Hermanas Internet qual-E 10th"]
[Site "ICC INT"]
[Date "2009.03.15"]
[Round "10"]
[White "Maly, Alexey"]
[Black "Delgado Ramirez, Neuris"]
[Result "1/2-1/2"]
[WhiteElo "2377"]
[BlackElo "2550"]
[PlyCount "150"]
[EventDate "2009.03.15"]
[EventType "swiss (blitz)"]
[EventRounds "12"]
[EventCountry "ESP"]
[SourceTitle "CBM 129 Extra"]
[Source "ChessBase"]
[SourceDate "2009.05.05"]
[SourceVersion "2"]
[SourceVersionDate "2009.05.20"]
[SourceQuality "1"]

1. d4 d5 2. c4 e6 3. Nf3 Nf6 4. g3 Bb4+ 5. Bd2 Be7 6. Bg2 O-O 7. O-O c6 8. b3
b6 9. Bc3 Ba6 10. Nbd2 Nbd7 11. Qc2 Rc8 12. Qb2 b5 13. c5 b4 14. Bxb4 Bxe2 15.
Rfe1 Bd3 16. Bc3 a5 17. Bf1 Bxf1 18. Kxf1 Ra8 19. a3 Qc7 20. Kg2 g6 21. b4 axb4
22. axb4 Rab8 23. Qc2 Nh5 24. Qd3 Rb5 25. Ra2 Rfb8 26. Rea1 R5b7 27. Nb3 f6 28.
Na5 Rb5 29. Nb3 e5 30. dxe5 fxe5 31. Qc2 Nhf6 32. Ra7 R5b7 33. Rxb7 Rxb7 34.
Na5 Rb8 35. Nb3 e4 36. Nfd4 Ng4 37. h3 Nge5 38. Ra6 Qb7 39. Qa2 Qc8 40. Ra7 Qf8
41. Qe2 Rc8 42. Na5 Qf6 43. Qe3 h5 44. h4 Rf8 45. Ndxc6 Qf3+ 46. Qxf3 exf3+ 47.
Kf1 Nxc6 48. Nxc6 Bf6 49. Rxd7 Bxc3 50. Ne7+ Kf7 51. Nxd5+ Ke6 52. Rd6+ Ke5 53.
Nxc3 Ra8 54. Nd1 Ra4 55. Rd2 Rxb4 56. Rc2 Rb1 57. Ke1 Ke6 58. c6 Rb8 59. c7 Rc8
60. Kd2 Kf5 61. Ke3 Kg4 62. Kd4 Kh3 63. Kd5 g5 64. hxg5 Kg4 65. Kd6 Kxg5 66.
Kd7 Rg8 67. c8=Q Rxc8 68. Kxc8 Kg4 69. Rc4+ Kh3 70. Rh4+ Kg2 71. Rxh5 Kf1 72.
Rf5 Ke2 73. Rxf3 Kxf3 74. Kd7 Kg4 75. Ke6 Kf3 1/2-1/2

[Event "Dos Hermanas Internet qual-E 10th"]
[Site "ICC INT"]
[Date "2009.03.15"]
[Round "11"]
[White "Delgado Ramirez, Neuris"]
[Black "Abdalla, Luiz Guilherme"]
[Result "1-0"]
[WhiteElo "2550"]
[BlackElo "2085"]
[PlyCount "111"]
[EventDate "2009.03.15"]
[EventType "swiss (blitz)"]
[EventRounds "12"]
[EventCountry "ESP"]
[SourceTitle "CBM 129 Extra"]
[Source "ChessBase"]
[SourceDate "2009.05.05"]
[SourceVersion "2"]
[SourceVersionDate "2009.05.20"]
[SourceQuality "1"]

1. e4 e6 2. d4 d5 3. Nd2 Nf6 4. e5 Nfd7 5. Ngf3 c5 6. c3 Nc6 7. Bd3 g6 8. h4 h6
9. Qc2 Be7 10. Bxg6 cxd4 11. cxd4 Qb6 12. Bd3 Nxd4 13. Nxd4 Qxd4 14. Nf3 Qg4
15. Kf1 Rg8 16. Rh2 Nc5 17. Bb5+ Bd7 18. Bxd7+ Nxd7 19. Bxh6 Rh8 20. Be3 f6 21.
exf6 Bxf6 22. Re1 Rg8 23. Bg5 Bxg5 24. hxg5 Kd8 25. Rh4 Qf5 26. Qxf5 exf5 27.
Nd4 Rc8 28. Ne6+ Ke7 29. Rh7+ Kd6 30. Nd4 Kc5 31. Nxf5 Rcd8 32. Rc1+ Kb4 33.
a3+ Kb3 34. Nd4+ Kxb2 35. Rc2+ Kb1 36. Ke2 Rge8+ 37. Kd2 Rh8 38. Re7 Rhe8 39.
Rxe8 Rxe8 40. Rc7 Ne5 41. Rxb7+ Ka2 42. Ne2 Nc4+ 43. Kd3 Nb2+ 44. Kd2 Nc4+ 45.
Ke1 a5 46. f4 a4 47. Kf2 Kxa3 48. Nc3 Nd6 49. Nb5+ Nxb5 50. Rxb5 Ka2 51. Rxd5
a3 52. g6 Kb1 53. Rb5+ Kc2 54. Ra5 Kb2 55. f5 Kc3 56. Rxa3+ 1-0

[Event "Dos Hermanas Internet qual-E 10th"]
[Site "ICC INT"]
[Date "2009.03.15"]
[Round "12"]
[White "Bagirov, Rufat"]
[Black "Delgado Ramirez, Neuris"]
[Result "0-1"]
[WhiteElo "2484"]
[BlackElo "2550"]
[PlyCount "122"]
[EventDate "2009.03.15"]
[EventType "swiss (blitz)"]
[EventRounds "12"]
[EventCountry "ESP"]
[SourceTitle "CBM 129 Extra"]
[Source "ChessBase"]
[SourceDate "2009.05.05"]
[SourceVersion "2"]
[SourceVersionDate "2009.05.20"]
[SourceQuality "1"]

1. d4 d5 2. Nf3 e6 3. Bf4 Bd6 4. Bg3 Nf6 5. e3 c5 6. c3 O-O 7. Nbd2 Nc6 8. Bd3
Qc7 9. O-O e5 10. dxc5 Bxc5 11. e4 Rd8 12. exd5 Nxd5 13. Qc2 g6 14. Nc4 Nf4 15.
Bxf4 exf4 16. Rad1 Bg4 17. Be4 Rxd1 18. Rxd1 Rd8 19. h3 Be6 20. Bxc6 Rxd1+ 21.
Qxd1 Qxc6 22. Nce5 Qc7 23. b3 Be7 24. Qd4 f6 25. Nd3 g5 26. Qxa7 Qxc3 27. Qxb7
Bf8 28. Qe4 Bf7 29. Qd4 Qc6 30. Qd8 h5 31. Nxg5 fxg5 32. Qxg5+ Bg7 33. Nxf4
Qc1+ 34. Kh2 Qd2 35. Qg3 Kf8 36. h4 Bd4 37. Nh3 Qb2 38. Qd6+ Kg8 39. f4 Bf6 40.
Ng5 Bg6 41. Qe6+ Kg7 42. Qd7+ Kh6 43. Qd6 Qd4 44. Qf8+ Bg7 45. Qg8 Qxf4+ 46. g3
Qf2+ 47. Kh1 Qxg3 48. Nf7+ Bxf7 49. Qxf7 Qxh4+ 50. Kg2 Qg4+ 51. Kh1 Qe4+ 52.
Kh2 Be5+ 53. Kg1 Qe1+ 54. Kg2 Qe2+ 55. Qf2 Qg4+ 56. Kh1 Bd4 57. Qf8+ Kg6 58.
Qg8+ Kf5 59. Qxg4+ hxg4 60. Kg2 Kf4 61. Kh1 g3 0-1

[Event "Dos Hermanas Internet f 10th"]
[Site "ICC INT"]
[Date "2009.03.20"]
[Round "1.1"]
[White "Delgado Ramirez, Neuris"]
[Black "Melkumyan, Hrant"]
[Result "1-0"]
[WhiteElo "2550"]
[BlackElo "2519"]
[PlyCount "89"]
[EventDate "2009.03.20"]
[EventType "k.o. (blitz)"]
[EventRounds "5"]
[EventCountry "USA"]
[SourceTitle "CBM 129 Extra"]
[Source "ChessBase"]
[SourceDate "2009.05.05"]
[SourceVersion "2"]
[SourceVersionDate "2009.05.20"]
[SourceQuality "1"]

1. e4 e5 2. Nf3 Nc6 3. Bb5 a6 4. Ba4 Nf6 5. d3 b5 6. Bb3 Be7 7. Nbd2 O-O 8. Nf1
d6 9. h3 Na5 10. Ng3 Nxb3 11. axb3 c5 12. O-O Be6 13. Bd2 h6 14. b4 c4 15. d4
Qc7 16. c3 Nh7 17. Be3 Rfd8 18. d5 Bd7 19. Qd2 Rf8 20. Ra3 Qb7 21. Rfa1 f5 22.
exf5 Bxf5 23. Nxf5 Rxf5 24. Qc2 Rf7 25. Qg6 Nf8 26. Qe4 Nd7 27. Qg6 Nf8 28. Qe4
Nd7 29. Qg6 Bf8 30. Rd1 Rf6 31. Qg3 Re8 32. Nd2 Kh8 33. Ne4 Rf7 34. Qg6 Nf6 35.
Nxf6 gxf6 36. Bxh6 e4 37. Be3 Bg7 38. Rxa6 Rfe7 39. Ra7 Qc8 40. Rda1 Kg8 41.
Bd4 e3 42. fxe3 Qd8 43. Rxe7 Rxe7 44. Bxf6 Qb6 45. Ra8+ 1-0

[Event "Dos Hermanas Internet f 10th"]
[Site "ICC INT"]
[Date "2009.03.20"]
[Round "1.2"]
[White "Melkumyan, Hrant"]
[Black "Delgado Ramirez, Neuris"]
[Result "1-0"]
[WhiteElo "2519"]
[BlackElo "2550"]
[PlyCount "115"]
[EventDate "2009.03.20"]
[EventType "k.o. (blitz)"]
[EventRounds "5"]
[EventCountry "USA"]
[SourceTitle "CBM 129 Extra"]
[Source "ChessBase"]
[SourceDate "2009.05.05"]
[SourceVersion "2"]
[SourceVersionDate "2009.05.20"]
[SourceQuality "1"]

1. d4 d5 2. c4 e6 3. Nf3 Nf6 4. Nc3 Be7 5. Bf4 O-O 6. e3 Nbd7 7. c5 b6 8. b4
Nh5 9. Bd3 Nxf4 10. exf4 a5 11. a3 c6 12. O-O Qc7 13. Qc2 g6 14. g3 Bb7 15. h4
axb4 16. axb4 Rxa1 17. Rxa1 Ra8 18. Rxa8+ Bxa8 19. h5 Kg7 20. Qa2 Qb8 21. Ne5
Nxe5 22. fxe5 bxc5 23. bxc5 Bb7 24. Ne2 Bc8 25. Qa3 Bd7 26. Kg2 Be8 27. Nf4 Bg5
28. Qc3 Bxf4 29. gxf4 f5 30. hxg6 hxg6 31. Bc2 Qa8 32. Qb2 Qa5 33. Bd1 Bf7 34.
Bf3 Qa4 35. Qc3 Qa2 36. Qb4 Qa1 37. Qd2 Qa4 38. Qe3 Qc4 39. Be2 Qa4 40. Qd2 Be8
41. Bd1 Qc4 42. Qe3 Bd7 43. Be2 Qa4 44. Qc3 Bc8 45. Qb2 Ba6 46. Bf3 Bb5 47. Qd2
Qc4 48. Kg3 Qf1 49. Kh2 Qd3 50. Qxd3 Bxd3 51. Kg3 Bb5 52. Kh4 Kh6 53. Bd1 Kg7
54. Kg5 Ba6 55. Bc2 Bb7 56. Bd3 Ba8 57. Ba6 Kf7 58. Kh6 1-0

[Event "Dos Hermanas Internet f 10th"]
[Site "ICC INT"]
[Date "2009.03.20"]
[Round "1.3"]
[White "Delgado Ramirez, Neuris"]
[Black "Melkumyan, Hrant"]
[Result "1-0"]
[WhiteElo "2550"]
[BlackElo "2519"]
[PlyCount "99"]
[EventDate "2009.03.20"]
[EventType "k.o. (blitz)"]
[EventRounds "5"]
[EventCountry "USA"]
[SourceTitle "CBM 129 Extra"]
[Source "ChessBase"]
[SourceDate "2009.05.05"]
[SourceVersion "2"]
[SourceVersionDate "2009.05.20"]
[SourceQuality "1"]

1. e4 e5 2. Nf3 Nc6 3. Bb5 Nf6 4. d3 Bc5 5. Bxc6 dxc6 6. Be3 Bd6 7. Nbd2 c5 8.
h3 Qe7 9. a3 Nd7 10. O-O Nb8 11. c3 Nc6 12. b4 O-O 13. Nc4 f6 14. Qb3 Be6 15.
bxc5 Bxc5 16. Qxb7 Bxe3 17. Qxc6 Bb6 18. Ne3 Rfd8 19. Rfd1 Rab8 20. Nf5 Qf7 21.
c4 Bd7 22. Qd5 Be6 23. Qc6 Kh8 24. Qa4 Bxf5 25. exf5 Qh5 26. Qc6 Qxf5 27. c5
Ba5 28. Rab1 Rxb1 29. Rxb1 Qxd3 30. Qb5 e4 31. Nh4 c6 32. Qb7 Bb6 33. Rf1 Bxc5
34. Qxc6 Qd5 35. Qc7 Bb6 36. Qe7 Bc5 37. Qc7 Rg8 38. Rc1 Bb6 39. Qc6 Qd2 40.
Rf1 e3 41. fxe3 Qxe3+ 42. Kh1 Qc5 43. Qf3 Qe3 44. Qg4 Qe5 45. Rf5 Qe1+ 46. Kh2
Bc7+ 47. g3 Qd2+ 48. Kh1 Qd6 49. Ng6+ hxg6 50. Qh4# 1-0

[Event "Dos Hermanas Internet f 10th"]
[Site "ICC INT"]
[Date "2009.03.20"]
[Round "1.4"]
[White "Melkumyan, Hrant"]
[Black "Delgado Ramirez, Neuris"]
[Result "0-1"]
[WhiteElo "2519"]
[BlackElo "2550"]
[PlyCount "160"]
[EventDate "2009.03.20"]
[EventType "k.o. (blitz)"]
[EventRounds "5"]
[EventCountry "USA"]
[SourceTitle "CBM 129 Extra"]
[Source "ChessBase"]
[SourceDate "2009.05.05"]
[SourceVersion "2"]
[SourceVersionDate "2009.05.20"]
[SourceQuality "1"]

1. d4 Nf6 2. c4 e6 3. Nf3 Bb4+ 4. Nc3 b6 5. Bg5 Bb7 6. Nd2 h6 7. Bh4 Be7 8. e4
Nc6 9. d5 Nd4 10. Bg3 d6 11. Bd3 O-O 12. O-O c5 13. f4 exd5 14. cxd5 a6 15. a4
Nh7 16. e5 dxe5 17. fxe5 Bxd5 18. Nxd5 Qxd5 19. Be4 Qd7 20. Bxa8 Rxa8 21. Nf3
Rd8 22. Kh1 Nf8 23. Nxd4 cxd4 24. Qf3 Bc5 25. Rad1 Ne6 26. Qf5 a5 27. b3 Rf8
28. Qe4 Bb4 29. Qg4 Qd5 30. Rd3 Bc3 31. Qd1 Rd8 32. Rdf3 Rd7 33. Qc2 Nc5 34.
Rd1 Qe6 35. h3 Bb4 36. Bf2 d3 37. Qc4 Qxc4 38. bxc4 d2 39. Bxc5 bxc5 40. Kg1
Rd4 41. Kf2 Rxc4 42. Ke2 Rd4 43. Rd3 Re4+ 44. Re3 Rd4 45. Rd3 Re4+ 46. Re3 Rd4
47. Rb1 c4 48. Kd1 c3 49. Kc2 Rd5 50. Rf1 Rd4 51. g4 Rd5 52. e6 fxe6 53. Rxe6
Rg5 54. Re8+ Kh7 55. Re3 h5 56. Rd3 hxg4 57. hxg4 Rxg4 58. Rh3+ Kg6 59. Rd3 Rg5
60. Re3 Rf5 61. Re6+ Kf7 62. Rxf5+ Kxe6 63. Rg5 Kf6 64. Rb5 g5 65. Kd1 g4 66.
Rb6+ Kf5 67. Rb8 g3 68. Rg8 Kf4 69. Rf8+ Ke3 70. Re8+ Kf2 71. Rf8+ Kg1 72. Rg8
g2 73. Kc2 Kf2 74. Rg7 g1=Q 75. Rf7+ Ke2 76. Rf6 Qc1+ 77. Kb3 d1=Q+ 78. Kc4
Qd3+ 79. Kb3 c2+ 80. Ka2 Qda3# 0-1

[Event "Dos Hermanas Internet f 10th"]
[Site "ICC INT"]
[Date "2009.03.20"]
[Round "2.1"]
[White "Sammour Hasbun, Jorge E"]
[Black "Delgado Ramirez, Neuris"]
[Result "0-1"]
[WhiteElo "2460"]
[BlackElo "2550"]
[PlyCount "50"]
[EventDate "2009.03.20"]
[EventType "k.o. (blitz)"]
[EventRounds "5"]
[EventCountry "USA"]
[SourceTitle "CBM 129 Extra"]
[Source "ChessBase"]
[SourceDate "2009.05.05"]
[SourceVersion "2"]
[SourceVersionDate "2009.05.20"]
[SourceQuality "1"]

1. d4 d5 2. c4 e6 3. Nf3 Nf6 4. g3 Bb4+ 5. Nbd2 O-O 6. Qc2 dxc4 7. Qxc4 a5 8.
Bg2 b6 9. a3 Ba6 10. Qc2 Be7 11. Ne5 Ra7 12. Ndf3 c5 13. dxc5 Bxc5 14. O-O Rc7
15. Qb3 Bxe2 16. Re1 Ba6 17. Bg5 h6 18. Rad1 Qe7 19. Ng6 fxg6 20. Rxe6 Qf7 21.
Ne5 Bxf2+ 22. Kh1 Bc4 23. Qxc4 Rxc4 24. Nxf7 Kxf7 25. Ree1 Bxe1 0-1

[Event "Dos Hermanas Internet f 10th"]
[Site "ICC INT"]
[Date "2009.03.20"]
[Round "2.2"]
[White "Delgado Ramirez, Neuris"]
[Black "Sammour Hasbun, Jorge E"]
[Result "1-0"]
[WhiteElo "2550"]
[BlackElo "2460"]
[PlyCount "71"]
[EventDate "2009.03.20"]
[EventType "k.o. (blitz)"]
[EventRounds "5"]
[EventCountry "USA"]
[SourceTitle "CBM 129 Extra"]
[Source "ChessBase"]
[SourceDate "2009.05.05"]
[SourceVersion "2"]
[SourceVersionDate "2009.05.20"]
[SourceQuality "1"]

1. e4 e5 2. Nf3 Nc6 3. Bb5 a6 4. Ba4 Nf6 5. Bxc6 dxc6 6. d3 Nd7 7. Nc3 Bd6 8.
Ne2 Nf8 9. Ng3 g6 10. Bh6 Ne6 11. Qd2 Qe7 12. O-O c5 13. a3 Bd7 14. c3 O-O-O
15. b4 Kb8 16. Rfb1 Rhg8 17. Be3 h5 18. h3 h4 19. Nf1 f5 20. bxc5 Nxc5 21. Bg5
Qg7 22. Bxd8 Rxd8 23. Qe3 f4 24. Qe2 Bb5 25. Rxb5 axb5 26. d4 exd4 27. cxd4 Ne6
28. e5 Be7 29. Qxb5 Nxd4 30. Nxd4 Rxd4 31. Rb1 b6 32. a4 Re4 33. a5 Qxe5 34.
Qe8+ Kb7 35. a6+ Ka7 36. Qc6 1-0

[Event "Dos Hermanas Internet f 10th"]
[Site "ICC INT"]
[Date "2009.03.20"]
[Round "2.3"]
[White "Sammour Hasbun, Jorge E"]
[Black "Delgado Ramirez, Neuris"]
[Result "1-0"]
[WhiteElo "2460"]
[BlackElo "2550"]
[PlyCount "59"]
[EventDate "2009.03.20"]
[EventType "k.o. (blitz)"]
[EventRounds "5"]
[EventCountry "USA"]
[SourceTitle "CBM 129 Extra"]
[Source "ChessBase"]
[SourceDate "2009.05.05"]
[SourceVersion "2"]
[SourceVersionDate "2009.05.20"]
[SourceQuality "1"]

1. c4 e6 2. Nf3 d5 3. Qc2 Nf6 4. g3 dxc4 5. Qxc4 a6 6. Bg2 b5 7. Qc2 Bb7 8. O-O
c5 9. a4 Nbd7 10. Rd1 Be7 11. d3 O-O 12. Nc3 Qb6 13. Be3 Ng4 14. Bf4 e5 15. Bg5
Bxf3 16. exf3 Bxg5 17. fxg4 Rac8 18. axb5 axb5 19. Nd5 Qd6 20. h4 Bd8 21. g5
Kh8 22. Ne3 f5 23. gxf6 Nxf6 24. Ra7 Rc7 25. Rda1 Qd7 26. Rxc7 Qxc7 27. Ra6 Qb8
28. Qxc5 Bc7 29. Nf5 Qc8 30. Rc6 1-0

[Event "Dos Hermanas Internet f 10th"]
[Site "ICC INT"]
[Date "2009.03.20"]
[Round "2.4"]
[White "Delgado Ramirez, Neuris"]
[Black "Sammour Hasbun, Jorge E"]
[Result "0-1"]
[WhiteElo "2550"]
[BlackElo "2460"]
[PlyCount "86"]
[EventDate "2009.03.20"]
[EventType "k.o. (blitz)"]
[EventRounds "5"]
[EventCountry "USA"]
[SourceTitle "CBM 129 Extra"]
[Source "ChessBase"]
[SourceDate "2009.05.05"]
[SourceVersion "2"]
[SourceVersionDate "2009.05.20"]
[SourceQuality "1"]

1. e4 g6 2. d4 Bg7 3. Nc3 a6 4. a4 d6 5. h3 e6 6. Nf3 Nd7 7. Be3 b6 8. Qd2 Bb7
9. Bd3 Ngf6 10. Bh6 O-O 11. Bxg7 Kxg7 12. O-O c5 13. e5 dxe5 14. dxe5 Nd5 15.
Be4 Qc8 16. Nxd5 exd5 17. Bxd5 Re8 18. Bxb7 Qxb7 19. Qf4 Re6 20. Rad1 h6 21.
Rd6 Nxe5 22. Rxe6 Nxf3+ 23. gxf3 fxe6 24. Qe5+ Kf7 25. Qf4+ Kg7 26. Qe5+ Kf7
27. Qf4+ Ke7 28. Rd1 Rf8 29. Qd6+ Kf7 30. Qd7+ Qxd7 31. Rxd7+ Kf6 32. Rd6 Rb8
33. c4 Ke5 34. Rc6 Kd4 35. Rxe6 Kxc4 36. Rxg6 Kb3 37. a5 bxa5 38. Rxa6 a4 39.
f4 c4 40. Kg2 Kxb2 41. Rxa4 c3 42. Rc4 c2 43. h4 Rb3 0-1

[Event "Dos Hermanas Internet f 10th"]
[Site "ICC INT"]
[Date "2009.03.20"]
[Round "2.5"]
[White "Sammour Hasbun, Jorge E"]
[Black "Delgado Ramirez, Neuris"]
[Result "1-0"]
[WhiteElo "2460"]
[BlackElo "2550"]
[PlyCount "105"]
[EventDate "2009.03.20"]
[EventType "k.o. (blitz)"]
[EventRounds "5"]
[EventCountry "USA"]
[SourceTitle "CBM 129 Extra"]
[Source "ChessBase"]
[SourceDate "2009.05.05"]
[SourceVersion "2"]
[SourceVersionDate "2009.05.20"]
[SourceQuality "1"]

1. e4 c5 2. Nf3 Nc6 3. d4 cxd4 4. Nxd4 Nf6 5. Nc3 d6 6. Bg5 e6 7. Qd2 Be7 8.
O-O-O O-O 9. f4 Nxd4 10. Qxd4 Qa5 11. Bc4 Rd8 12. Bb3 Bd7 13. Rd3 Bc6 14. Rg3
Kf8 15. Rf1 b5 16. a3 Rab8 17. e5 dxe5 18. Qxe5 Bd6 19. Qe1 b4 20. Na2 Qa6 21.
a4 Bxa4 22. Bxf6 gxf6 23. Kb1 Bxb3 24. Rxb3 Qc4 25. f5 e5 26. Rh3 Rdc8 27. Qd1
Bc5 28. Rxh7 Rd8 29. Qc1 a5 30. b3 Qb5 31. Qh6+ Ke8 32. Rc1 Ke7 33. Qh5 Rf8 34.
Qf3 a4 35. Rh4 Bd6 36. Rc4 Rfc8 37. Rxc8 Rxc8 38. Rd1 Qc5 39. Qd3 Rc7 40. bxa4
Qa5 41. Qb3 Qc5 42. Nc1 Kf8 43. Nd3 Qc6 44. Nb2 e4 45. Re1 Be5 46. Re3 Kg7 47.
Rg3+ Bxg3 48. Qxg3+ Kf8 49. Qb3 Qc3 50. Nd1 Qd2 51. Nb2 Rc3 52. Ka2 Rxb3 53.
Kxb3 1-0

[Event "Dos Hermanas Internet f 10th"]
[Site "ICC INT"]
[Date "2009.03.20"]
[Round "2.6"]
[White "Delgado Ramirez, Neuris"]
[Black "Sammour Hasbun, Jorge E"]
[Result "0-1"]
[WhiteElo "2550"]
[BlackElo "2460"]
[PlyCount "136"]
[EventDate "2009.03.20"]
[EventType "k.o. (blitz)"]
[EventRounds "5"]
[EventCountry "USA"]
[SourceTitle "CBM 129 Extra"]
[Source "ChessBase"]
[SourceDate "2009.05.05"]
[SourceVersion "2"]
[SourceVersionDate "2009.05.20"]
[SourceQuality "1"]

1. e4 e5 2. Nf3 Nc6 3. Bb5 Nf6 4. d3 Bc5 5. Bxc6 dxc6 6. Be3 Bd6 7. Nbd2 Nd7 8.
Nf1 Nf8 9. Ng3 g6 10. O-O Ne6 11. Bh6 Qe7 12. c3 c5 13. a3 Bd7 14. b4 Rg8 15.
Be3 h5 16. h3 h4 17. Ne2 f5 18. bxc5 Nxc5 19. Bxc5 Bxc5 20. d4 exd4 21. cxd4
fxe4 22. Ne5 Bd6 23. Nc3 Bxe5 24. dxe5 Qxe5 25. Qb3 O-O-O 26. Rab1 Bc6 27. a4
e3 28. Nb5 Kb8 29. fxe3 Rge8 30. Nd4 Bd5 31. Qc3 Qxe3+ 32. Qxe3 Rxe3 33. Rfd1
Ree8 34. Rb2 b6 35. Rbd2 Kb7 36. Nf3 c6 37. Nxh4 g5 38. Nf5 Re4 39. a5 b5 40.
Nd4 b4 41. Nb3 Rc4 42. Nd4 Re8 43. Nf5 Re6 44. Nd4 Re4 45. Nf5 Kc7 46. a6 b3
47. Rb2 Rc2 48. Rxc2 bxc2 49. Rc1 Bb3 50. Kf2 Kb6 51. Ne3 Kxa6 52. Nxc2 Rc4 53.
Ra1+ Kb6 54. Ne3 Rc5 55. Rb1 Rb5 56. Re1 a5 57. g3 a4 58. Ra1 Ka5 59. h4 gxh4
60. gxh4 Kb4 61. Ng2 a3 62. Nf4 a2 63. Ne2 Ka3 64. Ke3 Re5+ 65. Kd2 Rxe2+ 66.
Kxe2 Kb2 67. h5 Kxa1 68. Kd2 Bg8 0-1

[Event "Capablanca Memorial Premier 44th"]
[Site "Havana"]
[Date "2009.06.08"]
[Round "1"]
[White "Delgado Ramirez, Neuris"]
[Black "Cordova, Emilio"]
[Result "1/2-1/2"]
[WhiteElo "2572"]
[BlackElo "2543"]
[PlyCount "89"]
[EventDate "2009.06.08"]
[EventType "tourn"]
[EventRounds "10"]
[EventCountry "CUB"]
[EventCategory "14"]
[SourceTitle "CBM 131"]
[Source "ChessBase"]
[SourceDate "2009.07.15"]
[SourceVersion "1"]
[SourceVersionDate "2009.07.15"]
[SourceQuality "1"]

1. e4 e6 2. d4 d5 3. Nd2 Nc6 4. Ngf3 Nf6 5. e5 Nd7 6. Bb5 a6 7. Bxc6 bxc6 8.
O-O c5 9. Nb3 cxd4 10. Qxd4 c5 11. Qf4 h6 12. c4 d4 13. Nbd2 Bb7 14. Re1 g5 15.
Qg3 Qc7 16. h4 gxh4 17. Qxh4 Be7 18. Qh5 Rg8 19. Ne4 Rg6 20. Nh4 Qxe5 21. Nd6+
Qxd6 22. Nxg6 Nf6 23. Qh3 fxg6 24. Rxe6 Bc8 25. Rxd6 Bxh3 26. Rxf6 Bxf6 27.
gxh3 h5 28. Bd2 Kd7 29. Kf1 Rf8 30. Ke2 Bh4 31. f3 Ke6 32. Rf1 g5 33. Rg1 d3+
34. Kxd3 Rxf3+ 35. Ke4 Rxh3 36. Bxg5 Rg3 37. Rxg3 Bxg3 38. Be3 Bd6 39. Bf2 Be7
40. Kf4 a5 41. b3 h4 42. Kg4 Ke5 43. Be1 Bd8 44. Bf2 Be7 45. Be1 1/2-1/2